00503 2200205 4500001002100000008004100021035002000062245006200082100001800144250000600162260003400168300001100202084001400213082000800227650001400235990001200249990001200261990001200273990001200285INLIS000000000000439 ind  a0010-0424000415 aEnsiklopedia PPKN; Pancasila dan KonstitusicYana Suryana aSuryana, Yana a1 aKlaten :bCempaka Putihc2014 a60 hlm a370 YAN e a370 aNon Fiksi a0722560 a0722561 a0722562 a0722563